Kritik der reiner Vernunft
Zapisane w:
| Format: | Książka |
|---|---|
| Język: | niemiecki |
| Wydane: |
Hamburgo
Felix Meiner
1956
|
| Seria: | Philosophische Bibliothek, 37a
|
| Hasła przedmiotowe: | |
| Etykiety: |
Dodaj etykietę
Nie ma etykietki, Dołącz pierwszą etykiete!
|
MARC
| LEADER | 00000nam a2200000 a 4500 | ||
|---|---|---|---|
| 001 | UCU1477 | ||
| 003 | CL-VaPUC | ||
| 005 | 20220104074312.0 | ||
| 008 | 960404e19560000GW |||||||||||||||||ger|d | ||
| 999 | |c 246077 |d 246075 | ||
| 040 | |c Pontificia Universidad Católica de Valparaíso | ||
| 082 | 0 | 4 | |a 141 |b KAN |2 21 |
| 245 | 1 | 0 | |a Kritik der reiner Vernunft |
| 260 | |a Hamburgo |b Felix Meiner |c 1956 | ||
| 300 | |a 766 p | ||
| 490 | 0 | |a Philosophische Bibliothek, 37a | |
| 583 | |a last modification |c 19960404 00:00:00 |k Rodrigo Vera | ||
| 650 | 0 | |a Filosofía alemana |9 265002 | |
| 650 | 0 | |a Idealismo |9 265685 | |
| 650 | 0 | |a Metafísica |9 265649 | |
| 650 | 0 | |a Razón |9 314475 | |
| 852 | |a BIBCUR | ||
| 942 | |c BK |2 ddc | ||
| 945 | |d 19960404 00:00:00 |a lriquelm | ||
| 952 | |0 0 |1 0 |4 0 |6 141_000000000000000_KAN_1956 |7 0 |8 P |9 260811 |a BIBEDU |b BIBEDU |c BIBEDU_PB |d 2019-11-19 |i 2014017 |o 141 KAN 1956 |p 2014017 |r 2024-01-25 |w 2019-11-19 |y BK |k FIL | ||